000 00584nam a2200193Ia 4500
005 20260114185749.0
008 008 260114s9999 xx 000 0 eng d
020 _a9780567683472
037 _aEBOOK
040 _aCRL
_beng
_cCRL
041 _aeng
_2eng
084 _qCRL
100 _aMary Ann Beavis and Allysin Kateusz
_9874101
245 0 _aRediscovering the Marys Maria, Mariamne, Miriam
260 _bBloomsbury
_c2020
856 _uhttps://doi.org/10.5040/9780567683472?locatt=label:secondary_bloomsburyCollections
942 _cEBOOK
999 _c1473037
_d1473037